000 003530000a22001450004500
005 20120302064638.0
942 _cBOOK
100 _a
_a
_b
_c
245 _a Mirajetil Hindu Poojasthane.
260 _aMiraj : Sudhakar Shreedhar Datar, 1993.
300 _a162 p.
040 _amar
365 _bRs.60/-
650 _aDevsthane / Mirajetil / Poojasthane.
999 _c362697
_d362694